| 000 | 00553nam a2200169Ia 4500 | ||
|---|---|---|---|
| 008 | 090711s9999 xx 000 0 und d | ||
| 082 | _b1774 | ||
| 100 | _aराजाध्यक्ष विजया | ||
| 245 | _aआधी....नंतर | ||
| 260 |
_bडिंपल पब्लिकेशन _c2001 |
||
| 300 | _a248 | ||
| 600 | _aराजाध्यक्ष विजया | ||
| 630 | _aआधी....नंतर | ||
| 700 | _aराजाध्यक्ष विजया | ||
| 730 | _aआधी....नंतर | ||
| 942 | _cBOOK | ||
| 999 |
_c338814 _d338811 |
||